[Event "30. Staufer-Open (A)"]
[Site "?"]
[Date "2018.01.05"]
[Round "7"]
[White "Stefansson, Vignir Vatnar"]
[Black "Kunin, Vitaly"]
[Result "1-0"]
[WhiteElo "2304"]
[BlackElo "2556"]
[PlyCount "103"]
[EventDate "2018.??.??"]
[BlackTeam "Freibauer Mörlenbach-Birkenau"]

1. e4 d6 2. d4 Nf6 3. Nc3 Nbd7 4. Nf3 e5 5. Bc4 Be7 6. O-O O-O 7. Re1 c6 8. a4
exd4 9. Nxd4 Ne5 10. Be2 Re8 11. f4 Ng6 12. g3 Qc7 13. Bf3 Bd7 14. Be3 Rad8 15.
Nb3 Qb8 16. Kg2 d5 17. exd5 cxd5 18. Qd4 b6 19. a5 Bc5 20. Nxc5 bxc5 21. Qxc5
Qxb2 22. Ra2 Qb8 23. Rb1 Qa8 24. a6 Rc8 25. Qd4 Ne7 26. Bf2 Bg4 27. Rb7 Bxf3+
28. Kxf3 Rc4 29. Qd3 Qc8 30. Nb5 Qg4+ 31. Kg2 Ng6 32. Kh1 Ne4 33. Bg1 h5 34.
Ra3 Nf6 35. Nd6 Re1 36. Nxc4 dxc4 37. Qf3 Qf5 38. Re3 Rxe3 39. Bxe3 Ne5 40. Qg2
Neg4 41. Bg1 Ne4 42. Re7 Ngf6 43. Re5 Qg6 44. Bxa7 h4 45. Bg1 Nxg3+ 46. hxg3
hxg3 47. a7 Qh6+ 48. Bh2 Ng4 49. a8=Q+ Kh7 50. Qxg3 Nf2+ 51. Qxf2 Qc6+ 52. Qxc6
1-0

[Event "30. Staufer-Open (A)"]
[Site "?"]
[Date "2018.01.05"]
[Round "7"]
[White "Naumkin, Igor"]
[Black "Vorobiov, Evgeny E"]
[Result "1/2-1/2"]
[WhiteElo "2394"]
[BlackElo "2547"]
[PlyCount "54"]
[EventDate "2018.??.??"]
[BlackTeam "SF 90 Spraitbach e.V."]

1. d4 Nf6 2. c4 g6 3. Nc3 d5 4. cxd5 Nxd5 5. e4 Nxc3 6. bxc3 Bg7 7. Bc4 c5 8.
Ne2 Nc6 9. Be3 O-O 10. O-O Bg4 11. f3 Bd7 12. Rb1 Qc7 13. Qd2 Rad8 14. Rfc1 Be8
15. Bh6 Bxh6 16. Qxh6 Na5 17. Bb3 b6 18. Nf4 Nxb3 19. axb3 cxd4 20. cxd4 Qd6
21. d5 Bd7 22. Re1 Qe5 23. Nd3 Qd4+ 24. Nf2 Rc8 25. Rbd1 Qg7 26. Qg5 Qf6 27.
Qg3 Qc3 1/2-1/2

[Event "30. Staufer-Open (A)"]
[Site "?"]
[Date "2018.01.05"]
[Round "7"]
[White "Plat, Vojtech"]
[Black "Zeller, Frank"]
[Result "1-0"]
[WhiteElo "2569"]
[BlackElo "2379"]
[PlyCount "77"]
[EventDate "2018.??.??"]
[WhiteTeam "SC Weiler im Allgäu e. V."]
[BlackTeam "SK Schwäbisch Hall"]

1. d4 Nf6 2. Bf4 c5 3. dxc5 Na6 4. Qd4 Qa5+ 5. c3 Qxc5 6. e3 Nh5 7. Be5 d6 8.
Bxa6 Qa5 9. Be2 dxe5 10. b4 Qc7 11. Bb5+ Bd7 12. Bxd7+ Qxd7 13. Qxd7+ Kxd7 14.
Nf3 e4 15. Ng5 f5 16. g4 fxg4 17. Nd2 g6 18. Ndxe4 Bg7 19. Rd1+ Kc6 20. Ne6 b5
21. Ke2 Be5 22. h3 gxh3 23. f4 Ng7 24. N6g5 Bc7 25. Rxh3 h5 26. a4 Nf5 27.
axb5+ Kxb5 28. Rd5+ Kc6 29. c4 a6 30. Ne6 Bb6 31. Rd1 h4 32. N4g5 Rab8 33. Nf7
Rhc8 34. e4 Nd6 35. Ne5+ Kb7 36. c5 Nxe4 37. Kf3 Nxc5 38. bxc5 Bxc5 39. Rb1+
1-0

[Event "30. Staufer-Open (A)"]
[Site "?"]
[Date "2018.01.05"]
[Round "7.5"]
[White "Burmakin, Vladimir"]
[Black "Schitco, Ivan"]
[Result "1-0"]
[WhiteElo "2526"]
[BlackElo "2334"]
[PlyCount "117"]
[EventDate "2018.??.??"]
[WhiteTeam "SF 90 Spraitbach e.V."]

1. Nf3 Nf6 2. c4 e6 3. g3 d5 4. Bg2 Be7 5. b3 O-O 6. Bb2 b6 7. cxd5 exd5 8. O-O
Bb7 9. d4 c5 10. Nc3 Nbd7 11. Rc1 Ne4 12. dxc5 Ndxc5 13. Nb5 a6 14. Nbd4 Bf6
15. b4 Ne6 16. Nxe6 fxe6 17. Bxf6 Qxf6 18. Qd4 Qxd4 19. Nxd4 e5 20. Bxe4 dxe4
21. Nc2 Bd5 22. a3 Bc4 23. Rfe1 Rad8 24. Ne3 Bb5 25. Nc4 a5 26. Nxb6 e3 27.
fxe3 axb4 28. Rc5 Bd7 29. axb4 Bh3 30. Nc4 e4 31. Re5 Rb8 32. b5 Rf6 33. Nd2
Rfb6 34. Rb1 Bd7 35. Nxe4 Bxb5 36. Kf2 h6 37. h4 Bc4 38. Rxb6 Rxb6 39. Nd2 Bf7
40. e4 Rb2 41. Ke3 Ra2 42. Rc5 Ra3+ 43. Kf4 Ra2 44. Rc8+ Kh7 45. Rd8 Bh5 46. g4
Bf7 47. e3 Be6 48. Rd6 Kg8 49. Nf3 Kf7 50. Nd4 Bc8 51. Rc6 Bd7 52. Rc7 Ke8 53.
e5 Ra4 54. Rb7 Rc4 55. Ra7 Rb4 56. h5 Rc4 57. Kf3 Ra4 58. Rb7 Ra6 59. e6 1-0

[Event "30. Staufer-Open (A)"]
[Site "?"]
[Date "2018.01.05"]
[Round "7"]
[White "Sinz, Bernhard"]
[Black "Dgebuadze, Alexandre"]
[Result "0-1"]
[WhiteElo "2400"]
[BlackElo "2521"]
[PlyCount "96"]
[EventDate "2018.??.??"]
[WhiteTeam "TG Biberach"]
[BlackTeam "SC Remagen-Sinzig"]

1. e4 e6 2. d4 d5 3. Bd3 dxe4 4. Bxe4 Nf6 5. Bf3 Be7 6. Ne2 O-O 7. Nbc3 Nbd7 8.
Be3 e5 9. Ng3 exd4 10. Bxd4 c5 11. Be3 Ne5 12. Be2 Qb6 13. Qc1 Be6 14. O-O Rad8
15. a4 a6 16. a5 Qc7 17. Bf4 Rd4 18. Be3 Rd7 19. Ra4 Nc6 20. Bf4 Qd8 21. Bd3
Nxa5 22. Bh6 c4 23. Be4 Nxe4 24. Ncxe4 gxh6 25. Nh5 Rd5 26. Qxh6 Rxh5 27. Qxh5
f5 28. Nc3 Nc6 29. Re1 Rf6 30. Raa1 Qf8 31. Rad1 Rh6 32. Qf3 Bb4 33. Qf4 Rg6
34. Re3 Qg7 35. Kh1 Bxc3 36. bxc3 Qf7 37. Rde1 Qd7 38. h4 Qd5 39. f3 Kf7 40. h5
Rf6 41. R3e2 Ne7 42. Rd2 Qa5 43. Rb1 Bd5 44. Qe5 Rh6 45. Kg1 Qc5+ 46. Rd4 b5
47. Rbd1 Rxh5 48. g4 Rh1+ 0-1

[Event "30. Staufer-Open (A)"]
[Site "?"]
[Date "2018.01.05"]
[Round "7"]
[White "Wenninger, Philipp"]
[Black "Kantor, Gergely"]
[Result "1/2-1/2"]
[WhiteElo "2349"]
[BlackElo "2518"]
[PlyCount "62"]
[EventDate "2018.??.??"]
[WhiteTeam "SC Erlangen 48/88"]

1. d4 d5 2. c4 c6 3. Nf3 Nf6 4. Nc3 e6 5. Bg5 h6 6. Bxf6 Qxf6 7. e3 g6 8. Bd3
Bg7 9. O-O O-O 10. Qb3 Nd7 11. a4 a5 12. Rac1 g5 13. h3 h5 14. Nh2 Qh6 15. Qc2
Nb8 16. cxd5 exd5 17. Bf5 Be6 18. Ne2 Nd7 19. Ng3 Nf6 20. Bd3 g4 21. h4 Ne8 22.
Ne2 Qf6 23. g3 Bh6 24. Qc5 Bf5 25. Bxf5 Qxf5 26. Qe7 Rb8 27. Qc5 Ra8 28. Qe7
Rb8 29. Qc5 Qd3 30. Rfe1 Nf6 31. Qxa5 Ne4 1/2-1/2

[Event "30. Staufer-Open (A)"]
[Site "?"]
[Date "2018.01.05"]
[Round "7"]
[White "Noe, Christopher"]
[Black "Neukirchner, Pascal"]
[Result "1-0"]
[WhiteElo "2474"]
[BlackElo "2198"]
[PlyCount "65"]
[EventDate "2018.??.??"]
[WhiteTeam "SC Eppingen"]
[BlackTeam "SK Gründau"]

1. d4 Nf6 2. c4 c5 3. Nf3 cxd4 4. Nxd4 e5 5. Nb5 d5 6. cxd5 Bc5 7. N5c3 O-O 8.
e3 Bf5 9. a3 Nbd7 10. Nd2 Rc8 11. Be2 Nb6 12. e4 Bg6 13. Bf3 Bd4 14. Nb5 a6 15.
Nxd4 exd4 16. O-O Nbxd5 17. Re1 Ne7 18. e5 Nfd5 19. Ne4 Qb6 20. Bg5 h6 21. Bxe7
Nxe7 22. b4 Bxe4 23. Bxe4 Rfd8 24. Bd3 Nd5 25. Qg4 Rc3 26. e6 Nf6 27. Qf5 Qc7
28. g3 Rd5 29. Qf3 Re5 30. exf7+ Kf8 31. Rxe5 Qxe5 32. Qxb7 Rxd3 33. Qc8+ 1-0

[Event "30. Staufer-Open (A)"]
[Site "?"]
[Date "2018.01.05"]
[Round "7"]
[White "Buckels, Valentin"]
[Black "Kjartansson, Gudmundur"]
[Result "1/2-1/2"]
[WhiteElo "2332"]
[BlackElo "2438"]
[PlyCount "69"]
[EventDate "2018.??.??"]
[WhiteTeam "Schachverein Mülheim-Nord 1931 e"]

1. d4 d5 2. Bf4 Nf6 3. e3 c5 4. c3 Nc6 5. Nd2 Bf5 6. Ngf3 e6 7. Be2 Bd6 8. Bxd6
Qxd6 9. Nh4 Bg6 10. Nxg6 hxg6 11. f4 cxd4 12. cxd4 O-O-O 13. Nf3 Ne4 14. O-O f6
15. Bd3 g5 16. Bxe4 dxe4 17. Nd2 gxf4 18. Nxe4 Qc7 19. exf4 Rxd4 20. Qe2 e5 21.
f5 Rh4 22. Nc5 Qd6 23. Ne6 Rd2 24. Qe1 Rc4 25. Rd1 Rcc2 26. Rxd2 Rxd2 27. Qh4
Nd8 28. Rc1+ Kb8 29. Qc4 Rd1+ 30. Rxd1 Qxd1+ 31. Kf2 Qd2+ 32. Kf1 Qd1+ 33. Kf2
Qd2+ 34. Kf1 Qd1+ 35. Kf2 1/2-1/2

[Event "30. Staufer-Open (A)"]
[Site "?"]
[Date "2018.01.05"]
[Round "7"]
[White "Miezis, Normunds"]
[Black "Kersten, Uwe"]
[Result "1-0"]
[WhiteElo "2434"]
[BlackElo "2247"]
[PlyCount "57"]
[EventDate "2018.??.??"]
[WhiteTeam "SC Emmendingen 1937 e.V."]
[BlackTeam "Kasseler SK 1876"]

1. c4 e6 2. e4 c5 3. Nc3 Nc6 4. d3 Nf6 5. f4 d5 6. Be2 Nd4 7. Nf3 Nxe2 8. Qxe2
dxe4 9. dxe4 b6 10. O-O Bb7 11. e5 Nd7 12. f5 Be7 13. fxe6 fxe6 14. Ng5 Bxg5
15. Nb5 Be7 16. Bg5 Qb8 17. Nd6+ Bxd6 18. Qg4 Be7 19. Bxe7 Qxe5 20. Rae1 Qxe1
21. Rxe1 Kxe7 22. Qxg7+ Kd6 23. Rd1+ Bd5 24. cxd5 exd5 25. Qh6+ Kc7 26. Rxd5
Rad8 27. Qd6+ Kb7 28. Qe7 Kc8 29. Qe6 1-0

[Event "30. Staufer-Open (A)"]
[Site "?"]
[Date "2018.01.05"]
[Round "7"]
[White "Hecht, Carsten"]
[Black "Krassowizkij, Jaroslaw"]
[Result "0-1"]
[WhiteElo "2232"]
[BlackElo "2433"]
[PlyCount "108"]
[EventDate "2018.??.??"]
[WhiteTeam "LSV Turm Lippstadt"]
[BlackTeam "SV Jedesheim 1921"]

1. e4 e6 2. d4 d5 3. Nc3 Nf6 4. e5 Nfd7 5. f4 c5 6. Nf3 Nc6 7. Be3 Qb6 8. Na4
Qa5+ 9. c3 b6 10. Bd2 c4 11. b4 Qa6 12. g3 b5 13. Nc5 Qa3 14. f5 Nxc5 15. bxc5
exf5 16. Bg2 Be6 17. O-O Be7 18. Ne1 Rd8 19. Nc2 Qa4 20. Ne3 Qxd1 21. Raxd1 g6
22. Rb1 b4 23. Nxc4 bxc3 24. Bxc3 Nxd4 25. Ba5 dxc4 26. Bxd8 Bxd8 27. Rfd1 O-O
28. Rxd4 Bg5 29. Rf4 Bxf4 30. gxf4 Rd8 31. c6 Kg7 32. a4 Rd4 33. Rc1 f6 34. c7
fxe5 35. fxe5 Bc8 36. Bf1 Re4 37. Rb1 c3 38. Rc1 Rxe5 39. Rxc3 Re7 40. a5 Kf6
41. h4 Ke6 42. Rc6+ Kd7 43. Bb5 Re5 44. Ba4 Ke7 45. h5 Rxa5 46. Bb3 Ra6 47.
Rxa6 Bxa6 48. Bg8 gxh5 49. Bxh7 Bc8 50. Bg6 h4 51. Kh2 a5 52. Bh5 a4 53. Bd1 a3
54. Bb3 f4 0-1

[Event "30. Staufer-Open (A)"]
[Site "?"]
[Date "2018.01.05"]
[Round "7"]
[White "Velicka, Petr"]
[Black "Krastev, Alexander"]
[Result "1/2-1/2"]
[WhiteElo "2429"]
[BlackElo "2004"]
[PlyCount "44"]
[EventDate "2018.??.??"]
[WhiteTeam "SG Schwäbisch Gmünd 1872 e.V"]
[BlackTeam "Biebertaler Schachfreunde"]

1. Nf3 Nf6 2. c4 c5 3. Nc3 Nc6 4. d4 cxd4 5. Nxd4 g6 6. e4 d6 7. Be2 Bg7 8. Be3
O-O 9. O-O Nd7 10. Rc1 Nc5 11. Qd2 a5 12. Rfd1 Be6 13. Nxe6 Nxe6 14. f4 a4 15.
Nb5 Qa5 16. Bf3 Qxd2 17. Rxd2 Bh6 18. g3 Ne5 19. Kf2 Nxf3 20. Kxf3 Bg7 21. Nc3
Bxc3 22. Rxc3 Rfc8 1/2-1/2

[Event "30. Staufer-Open (A)"]
[Site "?"]
[Date "2018.01.05"]
[Round "7"]
[White "Michalczak, Thomas"]
[Black "Kraus, Tomas"]
[Result "1-0"]
[WhiteElo "2208"]
[BlackElo "2426"]
[PlyCount "69"]
[EventDate "2018.??.??"]
[WhiteTeam "Schachgesellschaft Solingen e.V."]

1. e4 c5 2. Nf3 Nc6 3. d4 cxd4 4. Nxd4 Nf6 5. Nc3 d6 6. Bg5 Bd7 7. Qd2 Rc8 8.
f3 Nxd4 9. Qxd4 a6 10. O-O-O Qa5 11. h4 h6 12. Be3 b5 13. Kb1 g6 14. Nd5 Bg7
15. Nxe7 Be6 16. Nxc8 Qxa2+ 17. Kc1 O-O 18. Ne7+ Kh7 19. Qxd6 Qa1+ 20. Kd2 Qxb2
21. Bd3 Nh5 22. Qc5 b4 23. e5 Bxe5 24. Nxg6 Bc3+ 25. Ke2 Ng3+ 26. Kf2 Nxh1+ 27.
Rxh1 Rd8 28. Be4 Rd2+ 29. Kg3 Rxc2 30. Nf8+ Kg8 31. Bxc2 Qxc2 32. Nxe6 fxe6 33.
Qc8+ Kf7 34. Qd7+ Kf6 35. Bd4+ 1-0

[Event "30. Staufer-Open (A)"]
[Site "?"]
[Date "2018.01.05"]
[Round "7"]
[White "Antal, Tibor Kende"]
[Black "Stork, Oliver"]
[Result "1-0"]
[WhiteElo "2419"]
[BlackElo "2176"]
[PlyCount "181"]
[EventDate "2018.??.??"]
[BlackTeam "SV Oberursel"]

1. d4 d5 2. c4 e6 3. Nf3 Nf6 4. Nc3 Be7 5. Bg5 O-O 6. e3 h6 7. Bh4 Ne4 8. Bxe7
Qxe7 9. Rc1 c6 10. Bd3 Nxc3 11. Rxc3 dxc4 12. Bxc4 Nd7 13. O-O b6 14. Bd3 c5
15. Bb5 Rd8 16. Bc6 Rb8 17. Qa4 Bb7 18. Bxb7 Rxb7 19. a3 e5 20. dxc5 Nxc5 21.
Qc2 a5 22. b4 axb4 23. axb4 Na6 24. Rc8 Rbd7 25. b5 Nc5 26. Rc6 Rd6 27. h3 Qe6
28. Rxd6 Qxd6 29. Ra1 Qd5 30. Qf5 e4 31. Nd4 Ne6 32. Qxd5 Rxd5 33. Ra8+ Kh7 34.
Nxe6 fxe6 35. Ra4 Re5 36. g4 Kg6 37. Kg2 Kf6 38. h4 h5 39. Kg3 hxg4 40. Kxg4
Rf5 41. Rxe4 Rxf2 42. Rf4+ Rxf4+ 43. Kxf4 Kg6 44. Ke5 Kh5 45. Kxe6 Kxh4 46. e4
g5 47. e5 g4 48. Kd7 g3 49. e6 g2 50. e7 g1=Q 51. e8=Q Qd4+ 52. Kc8 Kg3 53. Qd8
Qe4 54. Qxb6 Kh2 55. Qd6+ Kg1 56. b6 Qe8+ 57. Kc7 Qf7+ 58. Kc6 Qe8+ 59. Kc5
Qc8+ 60. Qc6 Qf5+ 61. Qd5 Qf8+ 62. Kc4 Qf1+ 63. Qd3 Qf7+ 64. Qd5 Qf1+ 65. Kb4
Qe1+ 66. Kb5 Qe8+ 67. Ka5 Qe1+ 68. Ka6 Qa1+ 69. Qa5 Qf1+ 70. Ka7 Qf2 71. Qg5+
Kf1 72. Qd5 Kg1 73. Qg5+ Kf1 74. Ka6 Qa2+ 75. Qa5 Qe6 76. Qa1+ Kf2 77. Ka7 Qe3
78. Qf6+ Kg1 79. Qg6+ Kf1 80. Ka8 Qa3+ 81. Kb8 Qf8+ 82. Kc7 Qf4+ 83. Kd7 Qd4+
84. Ke7 Qe5+ 85. Qe6 Qc5+ 86. Kf7 Qh5+ 87. Kg7 Qg5+ 88. Qg6 Qc5 89. b7 Qa7 90.
Qf7+ Kg1 91. Kh8 1-0

[Event "30. Staufer-Open (A)"]
[Site "?"]
[Date "2018.01.05"]
[Round "7"]
[White "Gschnitzer, Adrian"]
[Black "Kölle, Tobias"]
[Result "1/2-1/2"]
[WhiteElo "2394"]
[BlackElo "2146"]
[PlyCount "73"]
[EventDate "2018.??.??"]
[WhiteTeam "SV Walldorf"]
[BlackTeam "TSV Schönaich"]

1. e4 e5 2. Nf3 Nc6 3. Bc4 Bc5 4. c3 Nf6 5. d3 d6 6. Nbd2 O-O 7. O-O a6 8. Bb3
Ba7 9. Re1 h6 10. Nf1 Re8 11. Ng3 Be6 12. Be3 d5 13. Bxa7 Rxa7 14. Qe2 dxe4 15.
dxe4 Bxb3 16. axb3 g6 17. b4 Ra8 18. b5 axb5 19. Rad1 Qc8 20. Qxb5 Ra5 21. Qb3
Ra6 22. Rd3 Rb6 23. Qc2 Qe6 24. Nh4 Qb3 25. Qd2 Qxb2 26. Qe3 Na5 27. Rd2 Qa3
28. Qxh6 Qf8 29. Qg5 Kh7 30. Nhf5 gxf5 31. Nxf5 Kh8 32. Rd3 Nh7 33. Rh3 Qg8 34.
Qh5 Rg6 35. Kf1 Nc4 36. Nh6 Qg7 37. Nf5 1/2-1/2

[Event "30. Staufer-Open (A)"]
[Site "?"]
[Date "2018.01.05"]
[Round "7"]
[White "Hildenbrand, Peter"]
[Black "Skembris, Spyridon"]
[Result "0-1"]
[WhiteElo "2232"]
[BlackElo "2387"]
[PlyCount "60"]
[EventDate "2018.??.??"]
[WhiteTeam "SC Leimen"]
[BlackTeam "SC Grunbach"]

1. d4 Nf6 2. Bf4 g6 3. Nc3 Bg7 4. e4 d6 5. Nf3 Bg4 6. h3 Bxf3 7. Qxf3 Nh5 8.
Be3 e5 9. dxe5 Bxe5 10. Bh6 Nd7 11. O-O-O Qf6 12. Qxf6 Ndxf6 13. g3 O-O-O 14.
Bg2 Rhe8 15. Rhe1 Bxc3 16. bxc3 Rd7 17. e5 dxe5 18. Bg5 Rxd1+ 19. Rxd1 c6 20.
Bf3 Ng8 21. Bxh5 gxh5 22. g4 hxg4 23. hxg4 f6 24. Be3 b6 25. Rh1 Re7 26. Kd2
Kd7 27. Kd3 Ke6 28. Ke4 Rg7 29. f3 Ne7 30. Rh5 Nc8 {Rest unleserlich} 0-1

[Event "30. Staufer-Open (A)"]
[Site "?"]
[Date "2018.01.05"]
[Round "7"]
[White "Weber, Samuel"]
[Black "Höglauer, Patrick"]
[Result "1-0"]
[WhiteElo "2176"]
[BlackElo "2343"]
[PlyCount "123"]
[EventDate "2018.??.??"]
[WhiteTeam "SV Oberursel"]
[BlackTeam "SC Grunbach"]

1. Nf3 Nf6 2. g3 b6 3. Bg2 Bb7 4. d3 d5 5. Nbd2 Nbd7 6. O-O e6 7. Re1 Nc5 8. b3
a5 9. a3 Be7 10. Bb2 O-O 11. c4 dxc4 12. dxc4 Nfe4 13. Qc2 Bf6 14. b4 Nxd2 15.
Nxd2 Bxg2 16. Kxg2 Nb7 17. Ne4 Bxb2 18. Qxb2 Qe7 19. Rec1 h6 20. Qc3 Rfd8 21.
c5 f5 22. c6 Nd6 23. Nxd6 Qxd6 24. Rd1 Qxd1 25. Rxd1 Rxd1 26. Qe5 Rd6 27. b5
Rf8 28. h3 Rf7 29. a4 Re7 30. g4 Rf7 31. f4 g6 32. Kg3 Kh7 33. e3 g5 34. h4
gxf4+ 35. Qxf4 Rg7 36. g5 hxg5 37. hxg5 Kg8 38. Qh4 e5 39. Kf3 f4 40. Qg4 Rf7
41. Qc8+ Kg7 42. Qe8 Rd3 43. Qxe5+ Kf8 44. Qh8+ Ke7 45. Qe5+ Kd8 46. Qh8+ Ke7
47. g6 Rxe3+ 48. Kf2 Rf6 49. Qh7+ Ke6 50. g7 Rg3 51. g8=Q+ Rxg8 52. Qxg8+ Rf7
53. Qg6+ Ke7 54. Kf3 Kf8 55. Qe6 Kg7 56. Qg4+ Kf8 57. Qg5 Ke8 58. Qg8+ Ke7 59.
Qc8 Kd6 60. Qd8+ Ke6 61. Ke4 f3 62. Qe8+ 1-0

[Event "30. Staufer-Open (A)"]
[Site "?"]
[Date "2018.01.05"]
[Round "7"]
[White "Schulz, Karsten"]
[Black "Adocchio, Giampiero"]
[Result "1/2-1/2"]
[WhiteElo "2293"]
[BlackElo "2138"]
[PlyCount "69"]
[EventDate "2018.??.??"]
[WhiteTeam "SF Schwerin"]
[BlackTeam "Mosbacher SC von 1931"]

1. c4 Nf6 2. g3 e6 3. Bg2 d5 4. Nf3 Be7 5. O-O O-O 6. b3 b6 7. Bb2 Bb7 8. e3
Nbd7 9. Nc3 Re8 10. Qe2 Ne4 11. Rfd1 Ndf6 12. Rac1 Bf8 13. Nb1 a5 14. d3 Nc5
15. Ne5 Rc8 16. d4 Ncd7 17. cxd5 exd5 18. Nc6 Bxc6 19. Rxc6 Bd6 20. Na3 Nb8 21.
Rcc1 c6 22. Nc2 Qe7 23. Ne1 Ne4 24. Nd3 Rc7 25. Ne5 f6 26. Nd3 Qf7 27. Rc2 Rce7
28. Qe1 Qg6 29. Re2 h5 30. Nf4 Qh6 31. f3 Ng5 32. Qf2 h4 33. Bc1 hxg3 34. hxg3
f5 35. Nd3 1/2-1/2

[Event "30. Staufer-Open (A)"]
[Site "?"]
[Date "2018.01.05"]
[Round "7"]
[White "Arnold, Max"]
[Black "Walter, Andreas"]
[Result "1/2-1/2"]
[WhiteElo "2286"]
[BlackElo "2127"]
[PlyCount "71"]
[EventDate "2018.??.??"]
[WhiteTeam "SK 1926 Ettlingen"]
[BlackTeam "Schachverein Mülheim-Nord 1931 e"]

1. e4 e5 2. Nf3 Nc6 3. Bc4 Bc5 4. O-O Nf6 5. d3 O-O 6. Nbd2 d6 7. c3 a5 8. h3
Ba7 9. Re1 Be6 10. Bb5 Ne7 11. d4 Ng6 12. Bd3 Nh5 13. Nf1 Nhf4 14. Bc2 Qf6 15.
Ng3 Nh4 16. Nxh4 Qxh4 17. Be3 g6 18. Qf3 Qf6 19. Kh2 Kg7 20. Ne2 Nh5 21. Qxf6+
Nxf6 22. f4 Nd7 23. g4 f6 24. b3 c5 25. fxe5 fxe5 26. d5 Bf7 27. c4 Bg8 28. Kg2
Bb6 29. Nc3 Bd8 30. Nb5 Ra6 31. Rf1 Rxf1 32. Rxf1 h6 33. Kg3 g5 34. Bd2 Nf8 35.
Bc3 Ng6 36. Bb2 1/2-1/2

[Event "30. Staufer-Open (A)"]
[Site "?"]
[Date "2018.01.05"]
[Round "7"]
[White "Weiß, Oliver"]
[Black "Richter, Gerald"]
[Result "1-0"]
[WhiteElo "2280"]
[BlackElo "2077"]
[PlyCount "97"]
[EventDate "2018.??.??"]
[WhiteTeam "TG Biberach"]
[BlackTeam "Siegener SV"]

1. d4 Nf6 2. Bg5 d5 3. e3 Nbd7 4. Nf3 g6 5. Nbd2 Bg7 6. c3 h6 7. Bxf6 exf6 8.
Qb3 Nb6 9. Qa3 Bf8 10. Qa5 Bd6 11. Be2 O-O 12. O-O Qe7 13. a3 c6 14. c4 Bc7 15.
c5 Nc4 16. Qc3 Nxd2 17. Nxd2 f5 18. Rfe1 Bd7 19. f4 Kh7 20. Nf3 Rae8 21. Kf2 f6
22. Bd3 Rg8 23. g3 Rg7 24. Qc2 Kg8 25. b4 a6 26. a4 Kf7 27. Qb3 Bc8 28. b5 Ba5
29. Re2 Kf8 30. Rb1 Qe6 31. Nh4 Kg8 32. Qc2 h5 33. Rb3 Kh7 34. Qc1 Rge7 35. h3
Rg8 36. Reb2 Rge8 37. Bb1 Bd7 38. bxa6 bxa6 39. Qh1 Rg8 40. g4 fxg4 41. Nxg6
Kh6 42. f5 g3+ 43. Kxg3 Qf7 44. Kf2 Ree8 45. Rb7 Ra8 46. Qf3 Qe8 47. Qf4+ Kh7
48. Qh4 Kh6 49. Qxf6 1-0

[Event "30. Staufer-Open (A)"]
[Site "?"]
[Date "2018.01.05"]
[Round "7"]
[White "Jurek, Josef"]
[Black "Reimche, Vadim"]
[Result "1-0"]
[WhiteElo "2260"]
[BlackElo "2040"]
[PlyCount "70"]
[EventDate "2018.??.??"]
[WhiteTeam "SG Schwäbisch Gmünd 1872 e.V"]
[BlackTeam "TG Biberach"]

1. Nf3 d5 2. d4 c6 3. c4 g6 4. Bf4 Nf6 5. e3 Bg7 6. Nc3 O-O 7. Bd3 Nbd7 8. Rc1
dxc4 9. Bxc4 Nb6 10. Bb3 Nfd5 11. Be5 Bg4 12. Bxg7 Nxc3 13. Rxc3 Kxg7 14. h3
Bxf3 15. Qxf3 a5 16. a3 a4 17. Ba2 Ra5 18. O-O Rb5 19. Qe2 Qd6 20. Rfc1 e5 21.
dxe5 Qxe5 22. Rd1 Qf6 23. Rd4 Re8 24. Qd2 Re7 25. Rd6 Qe5 26. f4 Qe4 27. Rd4
Qf5 28. g4 Qc8 29. Rcd3 Qc7 30. Qc3 Kh6 31. g5+ Kh5 32. Qc2 Rxg5+ 33. fxg5 Qg3+
34. Qg2 Qxg2+ 35. Kxg2 Kxg5 1-0

[Event "30. Staufer-Open (A)"]
[Site "?"]
[Date "2018.01.05"]
[Round "7"]
[White "Irkilmez, Yakub"]
[Black "Hoffmann, Hendrik"]
[Result "1-0"]
[WhiteElo "1989"]
[BlackElo "2232"]
[PlyCount "63"]
[EventDate "2018.??.??"]
[WhiteTeam "Blauer Springer Paderborn"]
[BlackTeam "Schachgemeinschaft Leipzig"]

1. d4 g6 2. c4 Bg7 3. Nc3 Nf6 4. e4 d6 5. Be2 O-O 6. g4 e5 7. d5 a5 8. h4 Na6
9. g5 Nd7 10. h5 Ndc5 11. Nf3 c6 12. Nh4 Rb8 13. Bg4 Nb4 14. Bxc8 Rxc8 15. Be3
Ncd3+ 16. Kf1 Nxb2 17. Qe2 Nxc4 18. Qxc4 cxd5 19. Qb3 d4 20. hxg6 hxg6 21. Ne2
dxe3 22. Qxe3 Nc2 23. Qh3 f5 24. Nxg6 Nxa1 25. Qh7+ Kf7 26. Nxf8 Qxf8 27. exf5
Qg8 28. Qg6+ Ke7 29. Rh7 Kf8 30. Qxd6+ Ke8 31. f6 Bxf6 32. Qd7+ 1-0

[Event "30. Staufer-Open (A)"]
[Site "?"]
[Date "2018.01.05"]
[Round "7"]
[White "Spitzl, Vinzent"]
[Black "Seitz, Patrick"]
[Result "1/2-1/2"]
[WhiteElo "2290"]
[BlackElo "1980"]
[PlyCount "74"]
[EventDate "2018.??.??"]
[WhiteTeam "SV Griesheim 1976"]
[BlackTeam "SR Heuberg-Gosheim"]

1. e4 e6 2. d4 d5 3. Bd3 Nf6 4. e5 Nfd7 5. c3 c5 6. Nf3 Nc6 7. O-O Be7 8. Be3
cxd4 9. cxd4 O-O 10. Nc3 f6 11. exf6 Nxf6 12. h3 a6 13. a3 Bd6 14. Re1 Qc7 15.
Rc1 Bd7 16. b4 Rae8 17. Ne5 Qb8 18. f4 g6 19. Bb1 Bxe5 20. fxe5 Nh5 21. Qg4 Ne7
22. Bh6 Ng7 23. Rf1 Qa7 24. Kh1 Rxf1+ 25. Rxf1 Ngf5 26. Bxf5 Nxf5 27. Rxf5 exf5
28. Qh4 Be6 29. Na4 b6 30. Qf6 Qe7 31. Qxe7 Rxe7 32. Nxb6 Rc7 33. Na4 Rc4 34.
Nc5 Bc8 35. e6 Rxd4 36. Kg1 Re4 37. Nxe4 dxe4 1/2-1/2

[Event "30. Staufer-Open (A)"]
[Site "?"]
[Date "2018.01.05"]
[Round "7"]
[White "Wichmann, Cliff"]
[Black "Hart, Martin"]
[Result "1/2-1/2"]
[WhiteElo "2314"]
[BlackElo "2086"]
[PlyCount "128"]
[EventDate "2018.??.??"]
[WhiteTeam "ESV Nickelhütte Aue"]
[BlackTeam "SV Hellern"]

1. d4 d6 2. c4 Nd7 3. Nc3 e5 4. Nf3 Ngf6 5. Bg5 Be7 6. e3 O-O 7. Qc2 Re8 8. Rd1
exd4 9. Nxd4 Nc5 10. Be2 a5 11. O-O Bd7 12. Nf5 Bxf5 13. Qxf5 Qc8 14. Qc2 Qe6
15. Bf4 Rad8 16. b3 Bf8 17. Bf3 h6 18. h3 Qc8 19. Rd2 Ne6 20. Bh2 Ng5 21. Qd1
Nxf3+ 22. Qxf3 Re6 23. Bf4 Rde8 24. Rfd1 b6 25. Nd5 Ne4 26. Rd4 Nc5 27. Bg3 Re4
28. Nc3 Rxd4 29. exd4 Ne6 30. a3 g6 31. Qc6 Qa8 32. Qxa8 Rxa8 33. d5 Nc5 34. b4
axb4 35. axb4 Nb3 36. Nb5 Ra4 37. Nxc7 Rxb4 38. Ne8 Rxc4 39. Kh2 Rd4 40. Rb1
Rd3 41. Rb2 Bg7 42. Ra2 Rxd5 43. Ra8 Kh7 44. Ra7 Kg8 45. Nxd6 Nd2 46. Ra8+ Bf8
47. Kg1 f5 48. Bf4 g5 49. Nxf5 Rxf5 50. Bxd2 Kf7 51. g4 Rd5 52. Ra7+ Ke6 53.
Be3 b5 54. Rb7 Ke5 55. Kf1 b4 56. Ke2 Ra5 57. Rf7 Ra8 58. Rf5+ Ke6 59. Rb5 Ra1
60. Kd3 Rh1 61. Ke4 Rxh3 62. Rb6+ Kf7 63. Bd4 b3 64. Be5 h5 {(84)} 1/2-1/2

[Event "30. Staufer-Open (A)"]
[Site "?"]
[Date "2018.01.05"]
[Round "7"]
[White "Namyslo, Holger"]
[Black "Narr, Kevin"]
[Result "1-0"]
[WhiteElo "2278"]
[BlackElo "2073"]
[PlyCount "69"]
[EventDate "2018.??.??"]
[WhiteTeam "TG Biberach"]
[BlackTeam "SC Böblingen 1975 e.V."]

1. e4 e6 2. d4 d5 3. Nc3 Nf6 4. Bg5 Bb4 5. e5 h6 6. Be3 Ne4 7. Qg4 g6 8. a3
Bxc3+ 9. bxc3 h5 10. Qf3 c5 11. Bd3 Nxc3 12. dxc5 d4 13. Bd2 Nc6 14. Bxc3 dxc3
15. Qe3 Bd7 16. Rb1 Qc7 17. Nf3 Rc8 18. Be4 Na5 19. Qf4 Qxc5 20. Qf6 Rf8 21.
O-O b6 22. Rfd1 Qe7 23. Qg7 Rc4 24. Bd3 Rc5 25. h4 Nc6 26. Be4 Kd8 27. Rd3 Kc7
28. Rb3 Rc4 29. Ng5 Qc5 30. Bxc6 Kxc6 31. Rd6+ Kc7 32. Qxf8 Qxe5 33. Rd1 Rxh4
34. Nf3 Qe2 35. Qd6+ 1-0